[Event "Oberliga NRW 1920"]
[Site "Germany"]
[Date "2020.03.08"]
[Round "7.6"]
[White "Gruenter, Martin"]
[Black "Schulze, Marc Andre"]
[Result "0-1"]
[WhiteElo "2162"]
[BlackElo "2226"]
[PlyCount "98"]
[EventDate "2019.09.15"]
[EventType "team-tourn"]
[EventRounds "9"]
[EventCountry "GER"]
[SourceTitle "EXT 2022"]
[Source "ChessBase"]
[SourceDate "2021.10.06"]
[SourceVersion "1"]
[SourceVersionDate "2021.10.06"]
[SourceQuality "1"]
[WhiteTeam "Essen Katernberg"]
[BlackTeam "Plettenberg"]
[WhiteTeamCountry "GER"]
[BlackTeamCountry "GER"]

1. e4 e6 2. d4 d5 3. Nc3 Nf6 4. Bg5 dxe4 5. Nxe4 Be7 6. Ng3 c5 7. dxc5 Qc7 8. Qd2 Qxc5 9. Nf3 Nbd7 10. Bd3 Ne5 11. 0-0-0 Nxf3 12. gxf3 Bd7 13. Bxf6 gxf6 14. Ne4 Qe5 15. f4 Qc7 16. f5 0-0-0 17. Qh6 exf5 18. Nc3 Be6 19. Qh4 Qa5 20. Bc4 Qb4 21. Bxe6+ fxe6 22. Rxd8+ Rxd8 23. Qxh7 Qf4+ 24. Kb1 Bb4 25. Qf7 Qe5 26. f4 Qe3 27. Qxf6 Rg8 28. Rd1 Rf8 29. Qd4 Qxd4 30. Rxd4 Rg8 31. a3 Rg1+ 32. Ka2 Bxc3 33. Rc4+ Kd7 34. Rxc3 Rg2 35. h3 Rf2 36. Rb3 b6 37. Rd3+ Ke7 38. Rd4 Rxc2 39. Kb3 Rh2 40. Rd3 Rf2 41. h4 Rxf4 42. Rh3 Kf6 43. h5 Kg7 44. Kc3 Kh6 45. Kd3 e5 46. Ke3 Re4+ 47. Kf3 Rd4 48. Rh1 Rd3+ 49. Ke2 Rb3 0-1

[Event "Oberliga NRW 1920"]
[Site "Germany"]
[Date "2019.10.13"]
[Round "2.6"]
[White "Gruermann, Martin"]
[Black "Gruenter, Martin"]
[Result "0-1"]
[WhiteElo "2192"]
[BlackElo "2162"]
[PlyCount "90"]
[EventDate "2019.09.15"]
[EventType "team-tourn"]
[EventRounds "9"]
[EventCountry "GER"]
[SourceTitle "CBM 195 Extra"]
[Source "ChessBase"]
[SourceDate "2020.05.31"]
[SourceVersion "1"]
[SourceVersionDate "2020.05.31"]
[SourceQuality "1"]
[WhiteTeam "Letmathe"]
[BlackTeam "Essen Katernberg"]
[WhiteTeamCountry "GER"]
[BlackTeamCountry "GER"]

1. e4 c5 2. Nf3 d6 3. d4 cxd4 4. Qxd4 Nc6 5. Bb5 Bd7 6. Bxc6 Bxc6 7. c4 Nf6 8. Nc3 e6 9. 0-0 Be7 10. Re1 h6 11. b3 0-0 12. Bb2 a6 13. Rad1 Qc7 14. h3 Rfd8 15. Qe3 b5 16. Nd5 exd5 17. exd5 Bd7 18. Qxe7 Re8 19. Bxf6 Rxe7 20. Bxe7 bxc4 21. Nd2 cxb3 22. axb3 Qb7 23. Bxd6 Qxd5 24. Nc4 Qb5 25. Ne5 Be6 26. b4 Rd8 27. Nf3 Qc6 28. Ne5 Qb5 29. Nf3 Qb7 30. Ne5 Bd5 31. Bc5 Rc8 32. Re3 a5 33. Ra3 axb4 34. Ra7 Rxc5 35. Rxb7 Bxb7 36. Rd8+ Kh7 37. Nd7 Rc8 38. Rxc8 Bxc8 39. Nc5 Be6 40. Kf1 b3 41. Na4 Kg6 42. Ke2 Bc4+ 43. Ke3 Bf1 44. Kf3 Kf5 45. h4 Ke5 0-1

[Event "Neckar op-A 19th"]
[Site "Deizisau"]
[Date "2015.04.04"]
[Round "4"]
[White "Gruenter, Martin"]
[Black "Carlstedt, Jonathan"]
[Result "0-1"]
[WhiteElo "2276"]
[BlackElo "2475"]
[PlyCount "84"]
[EventDate "2015.04.02"]
[EventType "swiss"]
[EventRounds "9"]
[EventCountry "GER"]
[SourceTitle "CBM 165 Extra"]
[Source "ChessBase"]
[SourceDate "2015.04.21"]
[SourceVersion "1"]
[SourceVersionDate "2015.04.21"]
[SourceQuality "1"]

1. e4 e5 2. Nf3 Nc6 3. Bc4 Nf6 4. d3 Bc5 5. c3 d6 6. Nbd2 a6 7. Bb3 Ba7 8. h3 h6 9. Nf1 Qe7 10. g4 Be6 11. Qe2 0-0-0 12. Ba4 Nb8 13. b4 d5 14. Bd2 Nbd7 15. Ng3 g6 16. Bb3 Kb8 17. c4 dxc4 18. dxc4 Ka8 19. c5 Nb8 20. Kf1 Nc6 21. Kg2 Nd7 22. Bc3 h5 23. g5 h4 24. Nf1 Nd4 25. Bxd4 exd4 26. c6 Nf8 27. cxb7+ Kxb7 28. b5 a5 29. N1d2 d3 30. Qe1 Bb6 31. Qc1 Rh5 32. Qc6+ Ka7 33. Rac1 Rxg5+ 34. Kh2 Rd6 35. Qc3 Rc5 36. Qb2 Rd8 37. Nf1 Bxb3 38. axb3 Rxc1 39. Qxc1 Qxe4 40. N1d2 Qf4+ 41. Kg2 Ne6 42. Re1 Qf5 0-1

[Event "Barcelona Sants op 16th"]
[Site "Barcelona"]
[Date "2014.08.24"]
[Round "3"]
[White "Galliamova, Alisa"]
[Black "Gruenter, Martin"]
[Result "1-0"]
[WhiteElo "2472"]
[BlackElo "2275"]
[PlyCount "75"]
[EventDate "2014.08.22"]
[EventType "swiss"]
[EventRounds "10"]
[EventCountry "ESP"]
[SourceTitle "CBM 162 Extra"]
[Source "ChessBase"]
[SourceDate "2014.10.17"]
[SourceVersion "1"]
[SourceVersionDate "2014.10.17"]
[SourceQuality "1"]

1. d4 Nf6 2. c4 e6 3. Nc3 Bb4 4. Qc2 0-0 5. a3 Bxc3+ 6. Qxc3 b5 7. cxb5 c6 8. f3 cxb5 9. e4 a6 10. Bf4 Nc6 11. Bd6 Re8 12. a4 Bb7 13. Bd3 Qb6 14. Qc5 Qxc5 15. dxc5 Nb4 16. Kd2 Nxd3 17. Kxd3 bxa4 18. Ne2 Rec8 19. Rhc1 Ne8 20. Bg3 Bc6 21. Nc3 Nc7 22. Nxa4 Bxa4 23. Rxa4 Nb5 24. Rc2 f6 25. b4 Rc6 26. Ra5 e5 27. Rca2 Nc7 28. b5 Rxc5 29. b6 Rxa5 30. Rxa5 Ne6 31. Bf2 Nd4 32. Bxd4 exd4 33. Kxd4 Kf7 34. Kc5 Rc8+ 35. Kb4 Ra8 36. Rc5 Ke7 37. Ka5 Kd6 38. Rc2 1-0

[Event "BL2-Nord 1314"]
[Site "Germany"]
[Date "2014.01.19"]
[Round "5.7"]
[White "Kaiser, Joachim"]
[Black "Gruenter, Martin"]
[Result "0-1"]
[WhiteElo "2152"]
[BlackElo "2232"]
[PlyCount "105"]
[EventDate "2013.10.13"]
[EventType "team-tourn"]
[EventRounds "9"]
[EventCountry "GER"]
[SourceTitle "EXT 2015"]
[Source "ChessBase"]
[SourceDate "2014.11.20"]
[SourceVersion "1"]
[SourceVersionDate "2014.11.20"]
[SourceQuality "1"]
[WhiteTeam "Kreuzberg"]
[BlackTeam "Hamburger SK II"]
[WhiteTeamCountry "GER"]
[BlackTeamCountry "GER"]

1. e4 c5 2. Nf3 d6 3. c3 Nf6 4. Be2 g6 5. 0-0 Bg7 6. Re1 0-0 7. Bf1 Bg4 8. h3 Bxf3 9. Qxf3 Nc6 10. d3 Qa5 11. Na3 b5 12. Bd2 Rab8 13. Qd1 Qb6 14. f4 d5 15. e5 Nd7 16. Nc2 d4 17. cxd4 cxd4 18. Nb4 Rbc8 19. Be2 e6 20. Bf3 Ne7 21. Nc2 a5 22. Rc1 Nc5 23. Qe2 Na4 24. b4 Nc3 25. Bxc3 dxc3+ 26. Kh2 axb4 27. Rb1 Rfd8 28. Rxb4 Nd5 29. Bxd5 Rxd5 30. Reb1 Bf8 31. R4b3 Qa5 32. a3 Rcd8 33. d4 Qa4 34. Rxc3 Bh6 35. Rb4 Qa7 36. g3 Rb8 37. Qe4 Bf8 38. Rb1 Rbd8 39. Rd1 Qa5 40. Rb3 Qa4 41. Rdd3 Bc5 42. Qe2 Bxd4 43. Nb4 Rc5 44. Qf3 Rc1 45. h4 Bg1+ 46. Kg2 Rxd3 47. Rxd3 Qa7 48. h5 Kg7 49. g4 Rb1 50. Nc2 Rb2 51. Rc3 Qd4 52. Rc8 Qd2+ 53. Kh1 0-1

[Event "GER-chT U20"]
[Site "Osnabrueck"]
[Date "2013.12.29"]
[Round "5.2"]
[White "Carmesin, Matthias"]
[Black "Gruenter, Martin"]
[Result "1/2-1/2"]
[WhiteElo "2147"]
[BlackElo "2208"]
[PlyCount "137"]
[EventDate "2013.12.27"]
[EventType "team-swiss"]
[EventRounds "7"]
[EventCountry "GER"]
[SourceTitle "EXT 2015"]
[Source "ChessBase"]
[SourceDate "2014.11.20"]
[SourceVersion "1"]
[SourceVersionDate "2014.11.20"]
[SourceQuality "1"]
[WhiteTeam "Stade"]
[BlackTeam "Hamburger SK"]
[WhiteTeamCountry "GER"]
[BlackTeamCountry "GER"]

1. e4 c5 2. Nc3 Nc6 3. Nf3 e5 4. Bc4 Be7 5. d3 d6 6. Nd5 Nf6 7. c3 0-0 8. h3 Be6 9. a4 Qd7 10. Be3 Bd8 11. 0-0 h6 12. Nxf6+ Bxf6 13. Bxe6 Qxe6 14. Ra3 Rfd8 15. Qb3 Qxb3 16. Rxb3 Rab8 17. Ra3 Be7 18. c4 Rd7 19. Bd2 Bd8 20. a5 b5 21. axb6 Rxb6 22. Bc3 Rdb7 23. Rfa1 Rb3 24. Rxb3 Rxb3 25. g3 a5 26. Kf1 Rb7 27. Ke2 Nd4+ 28. Bxd4 cxd4 29. Ra2 Bb6 30. b3 Kf8 31. Kd2 Bc5 32. Kc2 Bb4 33. Ng1 Ke7 34. Ne2 Ke6 35. f4 f6 36. g4 Ra7 37. Ra4 Rb7 38. f5+ Kf7 39. Nc1 Be1 40. Ne2 Rb8 41. Ra1 Bb4 42. h4 Ra8 43. Ng3 Bc3 44. Rb1 Rb8 45. Nh1 Ra8 46. Ng3 Rb8 47. Ne2 Bb4 48. Ng1 Bc3 49. Nf3 Ra8 50. g5 hxg5 51. hxg5 Rh8 52. g6+ Ke7 53. Rf1 Kd7 54. Rf2 Rh1 55. Nh2 Ra1 56. Ng4 Ra2+ 57. Kd1 Rxf2 58. Nxf2 Bb4 59. Nh3 Ke7 60. Ng1 Kd7 61. Nf3 Ke7 62. Kc2 Ke8 63. Ng1 Ke7 64. Ne2 Ke8 65. Kb2 Ke7 66. Nc1 Ke8 67. Na2 Kd7 68. Nxb4 axb4 69. Ka1 1/2-1/2

[Event "GER-chT U20"]
[Site "Osnabrueck"]
[Date "2013.12.29"]
[Round "6.2"]
[White "Gruenter, Martin"]
[Black "Pauly, Carlo"]
[Result "0-1"]
[WhiteElo "2208"]
[BlackElo "2058"]
[PlyCount "124"]
[EventDate "2013.12.27"]
[EventType "team-swiss"]
[EventRounds "7"]
[EventCountry "GER"]
[SourceTitle "EXT 2015"]
[Source "ChessBase"]
[SourceDate "2014.11.20"]
[SourceVersion "1"]
[SourceVersionDate "2014.11.20"]
[SourceQuality "1"]
[WhiteTeam "Hamburger SK"]
[BlackTeam "Koeln Porz"]
[WhiteTeamCountry "GER"]
[BlackTeamCountry "GER"]

1. e4 c5 2. c3 g6 3. d4 cxd4 4. cxd4 d5 5. e5 Nc6 6. h3 f6 7. f4 Nh6 8. g4 fxe5 9. fxe5 e6 10. Nf3 Nf7 11. Bg2 Be7 12. 0-0 0-0 13. Nc3 Bd7 14. Be3 Rc8 15. Qe2 Na5 16. Rad1 a6 17. Bc1 Rxc3 18. bxc3 Bb5 19. Qc2 Bxf1 20. Rxf1 Nc4 21. a4 Qb6 22. Kh2 Qa5 23. h4 Nb6 24. Qb1 Bd8 25. g5 Qxa4 26. h5 Qb5 27. Ba3 Qxb1 28. Rxb1 Re8 29. hxg6 hxg6 30. Bc5 Na4 31. Rxb7 Nxc3 32. Bf1 a5 33. Rb3 Ne4 34. Bb5 Nxc5 35. dxc5 Re7 36. Ba4 Bc7 37. Re3 Bb8 38. Kg3 Rb7 39. c6 Rb4 40. Bc2 Kg7 41. Rb3 Rxb3 42. Bxb3 Nxe5 43. Nxe5 Bxe5+ 44. Kf3 Kf7 45. Bc2 Bc7 46. Bb3 Ke7 47. Bc2 Kd6 48. Bxg6 Kxc6 49. Be8+ Kc5 50. Bd7 e5 51. g6 e4+ 52. Ke3 Be5 53. Ba4 Bg7 54. Bd7 Bh6+ 55. Ke2 d4 56. Bf5 d3+ 57. Kd1 Kd4 58. Bd7 e3 59. Ke1 Bf8 60. Bg4 e2 61. Kf2 a4 62. Be6 Bb4 0-1

[Event "Hamburg St Pauli op-A"]
[Site "Hamburg"]
[Date "2013.07.07"]
[Round "2"]
[White "Solger, Bernhard"]
[Black "Gruenter, Martin"]
[Result "0-1"]
[WhiteElo "1965"]
[BlackElo "2248"]
[PlyCount "84"]
[EventDate "2013.07.06"]
[EventType "swiss"]
[EventRounds "9"]
[EventCountry "GER"]
[SourceTitle "CBM 155 Extra"]
[Source "ChessBase"]
[SourceDate "2013.08.26"]
[SourceVersion "1"]
[SourceVersionDate "2013.08.26"]
[SourceQuality "1"]

1. c4 Nf6 2. Nc3 c5 3. Nf3 e6 4. g3 b6 5. Bg2 Bb7 6. 0-0 Be7 7. b3 d6 8. Bb2 0-0 9. d4 cxd4 10. Qxd4 a6 11. Rfd1 Nbd7 12. Rac1 Qc7 13. Ng5 Bxg2 14. Kxg2 Qb7+ 15. Kg1 Rfd8 16. Nge4 Nc5 17. Nxf6+ Bxf6 18. Qf4 Be5 19. Qe3 Rac8 20. Rc2 Qc7 21. Rcd2 Bf6 22. Qf4 Be7 23. Ne4 Nxe4 24. Qxe4 b5 25. cxb5 axb5 26. Rc1 Qa5 27. Rdc2 Qa6 28. Bd4 Bf8 29. Qd3 Rxc2 30. Rxc2 Qb7 31. a4 bxa4 32. bxa4 Qb1+ 33. Kg2 Ra8 34. Qc4 h5 35. Qc6 Ra5 36. Bb6 Rd5 37. a5 h4 38. f3 h3+ 39. Kxh3 Qf1+ 40. Kg4 f5+ 41. Kf4 g5+ 42. Kxg5 Qh3 0-1

[Event "Norderstedt op"]
[Site "Norderstedt"]
[Date "2013.03.30"]
[Round "4"]
[White "Meyer, Juergen"]
[Black "Gruenter, Martin"]
[Result "0-1"]
[WhiteElo "2018"]
[BlackElo "2220"]
[PlyCount "58"]
[EventDate "2013.03.28"]
[EventType "swiss"]
[EventRounds "9"]
[EventCountry "GER"]
[SourceTitle "EXT 2015"]
[Source "ChessBase"]
[SourceDate "2014.11.20"]
[SourceVersion "1"]
[SourceVersionDate "2014.11.20"]
[SourceQuality "1"]

1. e4 c5 2. Nf3 d6 3. d4 cxd4 4. Qxd4 Nc6 5. Bb5 Bd7 6. Bxc6 Bxc6 7. Nc3 Nf6 8. Bg5 e6 9. 0-0-0 Be7 10. Qd3 0-0 11. Nd4 Qc7 12. f4 Rfd8 13. f5 e5 14. Bxf6 Bxf6 15. Nf3 Rac8 16. Rd2 Qa5 17. Kb1 b5 18. Re1 b4 19. Nd5 Bxd5 20. Qxd5 Rc5 21. Qb3 d5 22. exd5 Rdxd5 23. Rxd5 Rxd5 24. Qc4 Qd8 25. a4 bxa3 26. bxa3 e4 27. Rxe4 Rd1+ 28. Ka2 Ra1+ 29. Kb3 Rb1+ 0-1

[Event "BL2-Nord 1213"]
[Site "Germany"]
[Date "2013.03.17"]
[Round "8.7"]
[White "Jeske, Eckhard"]
[Black "Gruenter, Martin"]
[Result "1/2-1/2"]
[WhiteElo "2248"]
[BlackElo "2220"]
[PlyCount "56"]
[EventDate "2012.10.14"]
[EventType "team-tourn"]
[EventRounds "9"]
[EventCountry "GER"]
[SourceTitle "CBM 154 Extra"]
[Source "ChessBase"]
[SourceDate "2013.06.25"]
[SourceVersion "2"]
[SourceVersionDate "2013.06.25"]
[SourceQuality "1"]
[WhiteTeam "Rostock SSC 07"]
[BlackTeam "Hamburger SK II"]
[WhiteTeamCountry "GER"]
[BlackTeamCountry "GER"]

1. c4 c5 2. Nc3 Nf6 3. e4 Nc6 4. g3 g6 5. Bg2 Bg7 6. Nge2 0-0 7. 0-0 d6 8. h3 a6 9. f4 Ne8 10. d3 Nc7 11. Rb1 Rb8 12. b3 Ne6 13. Kh2 Ned4 14. Nxd4 Nxd4 15. Ne2 b5 16. Nxd4 Bxd4 17. f5 Bg7 18. h4 e6 19. fxe6 fxe6 20. Bg5 Rxf1 21. Qxf1 Qf8 22. Qe2 Be5 23. Rf1 Qg7 24. Qd2 Bd7 25. Bh6 Qe7 26. Bg5 Qg7 27. Bh6 Qe7 28. Bg5 Qg7 1/2-1/2

[Event "Oberliga Sued W 1112"]
[Site "Germany"]
[Date "2012.02.05"]
[Round "6"]
[White "Moeldner, Juergen"]
[Black "Gruenter, Martin"]
[Result "1-0"]
[WhiteElo "2259"]
[BlackElo "2241"]
[PlyCount "119"]
[EventDate "2011.09.25"]
[EventType "team-tourn"]
[EventRounds "9"]
[EventCountry "GER"]
[SourceTitle "EXT 2013"]
[Source "ChessBase"]
[SourceDate "2012.11.22"]
[SourceVersion "1"]
[SourceVersionDate "2012.11.22"]
[SourceQuality "1"]
[WhiteTeam "Landau"]
[BlackTeam "Schott Mainz II"]
[WhiteTeamCountry "GER"]
[BlackTeamCountry "GER"]

1. e4 c5 2. Nf3 d6 3. d4 cxd4 4. Nxd4 Nf6 5. Nc3 a6 6. Bg5 e6 7. f4 Be7 8. Qf3 h6 9. Bxf6 Bxf6 10. 0-0-0 Qb6 11. Nb3 Qc7 12. g4 Nc6 13. h4 Bd7 14. g5 Be7 15. Rg1 hxg5 16. hxg5 0-0-0 17. Be2 Kb8 18. Qf2 Na5 19. Qd4 Bf8 20. Rh1 Nc6 21. Qf2 Be7 22. Bh5 Rdf8 23. Qd2 Rh7 24. Bf3 Rxh1 25. Bxh1 Rd8 26. Bf3 b5 27. Qe3 Qa7 28. Qd2 Rh8 29. Re1 Bf8 30. a3 Kc7 31. Kb1 Rh3 32. Qg2 Rh4 33. Qg3 Rh8 34. Bg2 Qb6 35. g6 fxg6 36. e5 dxe5 37. fxe5 Be8 38. Ne4 Be7 39. Nd6 Nd4 40. Nxd4 Qxd4 41. Nxe8+ Rxe8 42. Qf3 Qd5 43. Qf2 Bc5 44. Qe2 Qd4 45. Qf3 Qd5 46. Qg4 Qd4 47. Qxg6 Re7 48. Bh1 Qd2 49. Qe4 Qd5 50. Qe2 Qc4 51. Qf3 Qd5 52. Qc3 Qc4 53. Qa5+ Kb8 54. Rd1 Ka7 55. Qd8 b4 56. Rd7+ Rxd7 57. Qxd7+ Kb6 58. Qc6+ Ka5 59. Qc7+ Kb5 60. Bc6# 1-0

[Event "GER-chT Lands U21"]
[Site "Xanten"]
[Date "2011.11.02"]
[Round "5.2"]
[White "Gruenter, Martin"]
[Black "Kahleys, Kevin"]
[Result "1/2-1/2"]
[WhiteElo "2213"]
[BlackElo "2129"]
[PlyCount "113"]
[EventDate "2011.10.31"]
[EventType "team-swiss"]
[EventRounds "7"]
[EventCountry "GER"]
[SourceTitle "EXT 2022"]
[Source "ChessBase"]
[SourceDate "2021.10.06"]
[SourceVersion "1"]
[SourceVersionDate "2021.10.06"]
[SourceQuality "1"]
[WhiteTeam "Rheinland Pfalz U21"]
[BlackTeam "Nordrhein Westfalen U21"]
[WhiteTeamCountry "GER"]
[BlackTeamCountry "GER"]

1. e4 c5 2. c3 Nf6 3. e5 Nd5 4. d4 cxd4 5. Nf3 e6 6. cxd4 b6 7. Nc3 Nxc3 8. bxc3 Qc7 9. Bd2 Bb7 10. Bd3 d6 11. 0-0 Nd7 12. Re1 dxe5 13. Nxe5 Nxe5 14. Rxe5 Bd6 15. Rh5 g6 16. Bb5+ Bc6 17. Qf3 Rc8 18. Bxc6+ Qxc6 19. Qf6 gxh5 20. Qxh8+ Ke7 21. Qxh7 Qd5 22. h4 Qf5 23. Qxf5 exf5 24. Kf1 Ke6 25. Ke2 Rc4 26. Kd3 Ra4 27. Kc2 b5 28. Kb3 Ra3+ 29. Kb2 Ra4 30. Re1+ Kd7 31. Kb3 Ra3+ 32. Kb2 Ra4 33. g3 f6 34. Kb3 Ra3+ 35. Kb2 Ra4 36. Re3 Bf8 37. Rf3 Ke6 38. Bf4 Rc4 39. Re3+ Kd7 40. Kb3 a5 41. Re2 a4+ 42. Kb2 Be7 43. Bd2 Rc6 44. Kc2 Re6 45. Rxe6 Kxe6 46. Kd3 Kd5 47. Bf4 Bd8 48. Bb8 Be7 49. Bc7 Kc6 50. Ba5 Kd5 51. Bb4 Bd8 52. Bf8 Bc7 53. Be7 Ke6 54. Bb4 Kd5 55. Ke3 f4+ 56. Kf3 f5 57. a3 1/2-1/2

[Event "Oberliga Sued W 1112"]
[Site "Germany"]
[Date "2011.09.25"]
[Round "1"]
[White "Gruenter, Martin"]
[Black "Stewart, Neil"]
[Result "0-1"]
[WhiteElo "2241"]
[BlackElo "2299"]
[PlyCount "80"]
[EventDate "2011.09.25"]
[EventType "team-tourn"]
[EventRounds "9"]
[EventCountry "GER"]
[SourceTitle "EXT 2013"]
[Source "ChessBase"]
[SourceDate "2012.11.22"]
[SourceVersion "1"]
[SourceVersionDate "2012.11.22"]
[SourceQuality "1"]
[WhiteTeam "Schott Mainz II"]
[BlackTeam "Koblenz"]
[WhiteTeamCountry "GER"]
[BlackTeamCountry "GER"]

1. e4 c6 2. d4 d5 3. exd5 cxd5 4. Bd3 Nc6 5. c3 Qc7 6. h3 Nf6 7. Nf3 g6 8. 0-0 Bf5 9. Bxf5 gxf5 10. Re1 e6 11. Qa4 Bd6 12. c4 dxc4 13. Nc3 0-0-0 14. Bg5 Be7 15. Ne5 Rhg8 16. Nxf7 Rdf8 17. Nb5 Qd7 18. Nxa7+ Nxa7 19. Qxa7 Rxf7 20. Bxf6 Rxg2+ 21. Kxg2 Qd5+ 22. Kf1 Rxf6 23. Qa4 Qh1+ 24. Ke2 Qe4+ 25. Kf1 Qd3+ 26. Re2 Qxh3+ 27. Ke1 Qh1+ 28. Kd2 Qxa1 29. Qa8+ Kc7 30. Qa5+ Kd7 31. Qa4+ Kd8 32. Qa8+ Kc7 33. Qa5+ Kb8 34. Qe5+ Kc8 35. d5 Qxa2 36. d6 Bd8 37. Kc1 Qa1+ 38. Kc2 Qa4+ 39. Kb1 Qd1+ 40. Ka2 Qd5 0-1